[Event "43rd Mar del Plata Open"]
[Site "Mar del Plata ARG"]
[Date "2012.04.06"]
[Round "8"]
[White "Pierrot,Fac"]
[Black "Leskovar,Mat"]
[Result "1-0"]
[WhiteElo "2444"]
[BlackElo "2257"]

1.e4 e6 2.d4 d5 3.Nd2 Nc6 4.Ngf3 Nf6 5.e5 Nd7 6.Nb3 f6 7.Bb5 a5 8.exf6 Qxf6
9.Bg5 Qf7 10.O-O Bd6 11.Bh4 h6 12.Bg3 O-O 13.Re1 Nf6 14.Bxc6 bxc6 15.Ne5 Bxe5
16.Bxe5 Ne4 17.f3 a4 18.Nc1 Nd6 19.Nd3 a3 20.b3 Ba6 21.Nc5 Nb7 22.Re3 Nxc5
23.dxc5 Ra7 24.Qd2 Bc8 25.Rae1 Bd7 26.f4 Qf5 27.Rg3 Rf7 28.Qc3 g6 29.h3 Kh7
30.Rf3 Rf8 31.Bd4 Qf7 32.Qe3 Qg8 33.Kh2 Rf7 34.g4 Ra8 35.Qe5 Qd8 36.Kg3 Qb8
37.h4 Qg8 38.Kh2 Raf8 39.Ref1 h5 40.gxh5 Rf5 41.Qxc7 R8f7 42.hxg6+ Qxg6 43.Rg1 Qh6
44.Qd8 Qf8 45.Qxf8  1-0

[Event "16th Neckar Open"]
[Site "Deizisau GER"]
[Date "2012.04.07"]
[Round "5.7"]
[White "Baklan,V"]
[Black "Bluebaum,M"]
[Result "1/2-1/2"]
[WhiteElo "2612"]
[BlackElo "2407"]

1.e4 e6 2.d4 d5 3.Nd2 Be7 4.Bd3 c5 5.dxc5 Nf6 6.Qe2 O-O 7.Ngf3 a5 8.O-O Na6
9.e5 Nd7 10.c4 Naxc5 11.Bc2 b6 12.Rd1 Bb7 13.b3 Qc7 14.Bb2 Rfd8 15.Rac1 Nf8
16.cxd5 Bxd5 17.Ne4 Nxe4 18.Bxe4 Qb7 19.Bxd5 Rxd5 20.Rxd5 Qxd5 21.Rd1 Qc5
22.g3 Rd8 23.Rxd8 Bxd8 24.Nd4 Be7 25.Qe4 Qc7 26.Nb5 Qd7 27.Qc4 Qd2 28.Bd4 Qxa2
29.Bxb6 Bb4 30.Kg2 Qd2 31.Bc7 h6 32.Bd6 Ng6 33.h4 Ne7 34.Bxe7 Bxe7 35.Qc6 g6
36.Qe8+ Kg7 37.Qxe7  1/2-1/2

[Event "e2e4 Dublin Easter Masters"]
[Site "Dublin IRL"]
[Date "2012.04.07"]
[Round "5"]
[White "Omtvedt,P"]
[Black "Short,P"]
[Result "1-0"]
[WhiteElo "2100"]
[BlackElo "2282"]

1.e4 e6 2.d4 d5 3.Nd2 Be7 4.Ngf3 Nf6 5.e5 Nfd7 6.Bd3 c5 7.c3 Nc6 8.O-O g5
9.h3 h5 10.g4 hxg4 11.hxg4 Nf8 12.Kg2 f5 13.exf6 Bxf6 14.Bb5 Bd7 15.Nb3 c4
16.Nc5 Qc7 17.Nxd7 Kxd7 18.Qc2 Rg8 19.Rh1 a6 20.Bxc6+ Kxc6 21.b3 Kb6 22.bxc4 Qxc4
23.Qb3+ Qxb3 24.axb3 Rc8 25.Bd2 Rg6 26.Rh5 Nd7 27.Rc1 e5 28.dxe5 Nxe5 29.Be3+ Kc6
30.Nxe5+ Bxe5 31.Rxg5 Re6 32.Rc2 Kd6 33.c4 d4 34.Rd2 Ke7 35.Bxd4 Bf4 36.Rg7+ Kf8
37.Rd3 Rh6 38.Rxb7 Rh2+ 39.Kf1 Re8 40.Be3  1-0

[Event "5th Pedro Montalvo"]
[Site "Las Palmas ESP"]
[Date "2012.04.07"]
[Round "8"]
[White "Vega Gutierrez,S"]
[Black "Leon Varela,L"]
[Result "1-0"]
[WhiteElo "2323"]
[BlackElo "2190"]

1.e4 e6 2.d4 d5 3.Nd2 a6 4.Ngf3 c5 5.dxc5 Bxc5 6.Bd3 Nc6 7.O-O Nge7 8.exd5 exd5
9.Nb3 Ba7 10.h3 O-O 11.c3 Bf5 12.Re1 Rc8 13.Be3 Bb8 14.Bc5 Bd6 15.Bxf5 Nxf5
16.Qd3 Nfe7 17.Rad1 Ne5 18.Rxe5 Bxc5 19.Nxc5 Rxc5 20.Ng5 g6 21.Qd4 Rc7 22.Qh4 h5
23.Ne4 Rc6 24.Rxe7  1-0

[Event "6th Philadelphia Open"]
[Site "Philadelphia USA"]
[Date "2012.04.07"]
[Round "7.9"]
[White "Prasca Sosa,R"]
[Black "Harmon,L"]
[Result "1/2-1/2"]
[WhiteElo "2420"]
[BlackElo "2212"]

1.e4 e6 2.d4 d5 3.Nd2 Nc6 4.Ngf3 Nf6 5.e5 Nd7 6.Nb3 a5 7.a4 b6 8.Bb5 Na7
9.Be2 c5 10.c4 Bb7 11.O-O Be7 12.Bf4 O-O 13.Nbd2 Rc8 14.Rc1 cxd4 15.Nxd4 Nc6
16.N2f3 Nxd4 17.Nxd4 Nc5 18.b3 dxc4 19.Bxc4 Bg5 20.Qg4 Qxd4 21.Qxg5 Qe4 22.Rfe1 Qg6
23.Red1 Qxg5 24.Bxg5 h6 25.Be7 Rfe8 26.Bd6 Red8 27.f3 Ba6 28.Bxc5 Rxd1+ 29.Rxd1 Bxc4
30.Bxb6 Bxb3 31.Rd8+  1/2-1/2

[Event "e2e4 Dublin Easter Masters"]
[Site "Dublin IRL"]
[Date "2012.04.08"]
[Round "6"]
[White "Hauge,Lars Oskar"]
[Black "Salter,D"]
[Result "1/2-1/2"]
[WhiteElo "2087"]
[BlackElo "1897"]

1.e4 e6 2.d4 d5 3.Nd2 Nc6 4.Ngf3 Nf6 5.e5 Nd7 6.c3 f6 7.Bb5 Be7 8.O-O fxe5
9.dxe5 O-O 10.Re1 Ncb8 11.Bd3 Rf7 12.Nf1 b6 13.g3 c5 14.h4 Qf8 15.Ng5 Bxg5
16.hxg5 g6 17.f4 Ba6 18.Bc2 Bxf1 19.Rxf1 Nc6 20.Bd2 Ne7 21.Kg2 Qg7 22.Qe2 Qf8
23.a4 a6 24.Rh1 Qc8 25.b3 Qc7 26.Bd3 Nb8 27.Be3 Qc6 28.Bf2 Qc7 29.Rhc1 Qd7
30.Qf1 Qc6 31.Be2 Ra7 32.Bf3 Rd7 33.Qg1 Rb7 34.c4 a5 35.Rd1 Rd7 36.Rd2 Na6
37.Rad1 Nc7 38.Rc2 Qb7 39.Qf1 Qc6 40.Kg1 Kg7 41.Rdc1 Qb7 42.cxd5 Nexd5 43.Kg2 Qa6
44.Rc4 Kg8 45.Be4 Kg7 46.Qh1 Ne7 47.Rd1 Rxd1 48.Qxd1 Ncd5 49.Rc2 Kg8 50.Rd2 Qb7
51.Kg1 Qc6 52.Qf1 Kg7 53.Qh3 Kg8 54.Bf3 Kg7 55.Qf1 Kg8 56.Rc2 Kg7 57.Qa6 Qd7
58.Rd2 Qc7  1/2-1/2

[Event "e2e4 Dublin Easter Masters"]
[Site "Dublin IRL"]
[Date "2012.04.08"]
[Round "6"]
[White "Nemeth,Mi1"]
[Black "Sowray,P"]
[Result "1/2-1/2"]
[WhiteElo "2452"]
[BlackElo "2375"]

1.e4 e6 2.d4 d5 3.Nd2 Be7 4.e5 c5 5.Qg4 Bf8 6.Ndf3 Qc7 7.Bd3 Nc6 8.Nh3 Nxd4
9.Nxd4 cxd4 10.O-O Ne7 11.a3 Nc6 12.f4 f5 13.exf6 gxf6 14.b4 Qf7 15.Qh4 Bd7
16.b5 Na5 17.Bb2 Bc5 18.Qf2 O-O-O 19.Bxd4 Bxd4 20.Qxd4 b6 21.Nf2 Rhg8 22.Rfe1 Kb8
23.Qb4 Rc8 24.Re3 Nc4 25.Rh3 Rg7 26.Rd1 Rc5 27.Bxc4 Rxc4 28.Qd6+ Kb7 29.f5 Rxc2
30.a4 Qe7 31.Qxe7 Rxe7 32.fxe6 Bxe6 33.Re3 Kc7 34.Ng4 Rg7 35.Rxe6 Rxg4 36.g3 Rxa4
37.Rxf6 Raa2 38.Rh6 Rab2 39.Rxh7+ Kd6 40.Rh6+ Kc5 41.Rh5 Kxb5 42.Rhxd5+ Kc6
43.Rd6+ Kb7 44.Rh6 a5 45.Rh4 Ra2 46.Rb1 Rg2+ 47.Kh1 Rgb2 48.Rg1 Kc6 49.g4 Rb4
50.Rh6+ Kd7 51.g5 Raa4 52.Rd1+ Ke7 53.Re1+ Kf7 54.Rc1 Rc4 55.Rxc4 Rxc4 56.Rxb6 Rg4
57.Rb5 Kg6 58.Rxa5 Rxg5 59.Rxg5+ Kxg5 60.h4+ Kxh4  1/2-1/2

[Event "39th La Roda Open"]
[Site "La Roda ESP"]
[Date "2012.04.08"]
[Round "9"]
[White "Korneev,O"]
[Black "Anton Guijarro,D"]
[Result "1/2-1/2"]
[WhiteElo "2597"]
[BlackElo "2476"]

1.e4 e6 2.d4 d5 3.Nd2 Be7 4.Ngf3 Nf6 5.Bd3 c5 6.e5 Nfd7 7.c3 Nc6 8.O-O a5
9.a4 cxd4 10.cxd4 Nb4 11.Bb5 O-O 12.Nb1 Nb8 13.Nc3 N8c6 14.Bf4 f5 15.exf6 Bxf6
16.Qd2 Nxd4 17.Nxd4 e5 18.Nc2  1/2-1/2

[Event "6th Philadelphia Open"]
[Site "Philadelphia USA"]
[Date "2012.04.08"]
[Round "8.10"]
[White "Kashtanov,R"]
[Black "Prasca Sosa,R"]
[Result "1/2-1/2"]
[WhiteElo "2361"]
[BlackElo "2420"]

1.e4 e6 2.d4 d5 3.Nd2 Be7 4.Ngf3 Nf6 5.e5 Nfd7 6.Bd3 c5 7.c3 Nc6 8.O-O g5
9.dxc5 g4 10.Nd4 Ndxe5 11.Bb5 Bd7 12.N2b3 h5 13.f4 Nxd4 14.Bxd7+ Nxd7 15.Qxd4 Bf6
16.Qd3 Qc7 17.Be3 O-O-O 18.Bd4 h4 19.a4 h3 20.g3 Rhg8 21.Qe3 Be7 22.a5 a6
23.Ra4 Qc6 24.Rb4 f6 25.Rb6 Nxb6 26.axb6 Qb5 27.Qxe6+ Qd7 28.f5 Rge8 29.c6 bxc6
30.Qe2 c5 31.Qxa6+ Qb7 32.Qb5 cxd4 33.cxd4 Qd7 34.Qa5 Kb8 35.Ra1 Qb7 36.Qb5 Qd7
37.Qa5 Qb7 38.Qb5 Qd7 39.Qa5 Qb7 40.Qb5  1/2-1/2

[Event "Karposh Open 2012"]
[Site "Skopje MKD"]
[Date "2012.04.08"]
[Round "3.44"]
[White "Orehek,S"]
[Black "Vlashki,N"]
[Result "1/2-1/2"]
[WhiteElo "1992"]
[BlackElo "2258"]

1.e4 e6 2.d4 d5 3.Nd2 Be7 4.Bd3 c5 5.c3 Nc6 6.Ngf3 Nf6 7.O-O cxd4 8.cxd4 Nb4
9.Bb5+ Bd7 10.Bxd7+ Qxd7 11.Ne5 Qb5 12.Qb3 dxe4 13.a3 Qa6 14.Qg3 Nc2 15.Rb1 Nxd4
16.Qxg7 Rf8 17.Ndc4 Nf3+ 18.Nxf3 Rg8 19.Qh6 exf3 20.Ne3 Qd3 21.Ra1 Rd8 22.g3 Rd4
23.Re1 Re4 24.Qh3 h5 25.Qf1 Qb3 26.Bd2 Bc5 27.Bc3 Ng4 28.Nxg4 Rexg4 29.Qd3 Qc4
30.Rad1 Qxd3 31.Rxd3  1/2-1/2

[Event "16th Neckar Open"]
[Site "Deizisau GER"]
[Date "2012.04.09"]
[Round "8.15"]
[White "Grimberg,B"]
[Black "Wirig,A"]
[Result "1/2-1/2"]
[WhiteElo "2357"]
[BlackElo "2481"]

1.e4 e6 2.d4 d5 3.Nd2 Nc6 4.Ngf3 Nf6 5.e5 Nd7 6.Bb5 a6 7.Bxc6 bxc6 8.O-O c5
9.c4 Bb7 10.Re1 Be7 11.b3 O-O 12.Bb2 c6 13.Rc1 Re8 14.Qe2 cxd4 15.cxd5 d3
16.Qxd3 cxd5 17.Nd4 Rc8 18.Rxc8 Qxc8 19.Qg3 Bf8 20.f4 Nc5 21.h4 Ne4 22.Nxe4 dxe4
23.Kh2 Bd5 24.Rc1 Qd7 25.Qc3  1/2-1/2

[Event "Karposh Open 2012"]
[Site "Skopje MKD"]
[Date "2012.04.10"]
[Round "5.21"]
[White "Savic,Miod1"]
[Black "Markidis,K"]
[Result "1-0"]
[WhiteElo "2518"]
[BlackElo "2284"]

1.e4 e6 2.d4 d5 3.Nd2 Be7 4.Bd3 c5 5.dxc5 Nf6 6.Qe2 O-O 7.Ngf3 a5 8.O-O Na6
9.e5 Nd7 10.c4 Naxc5 11.Bc2 b6 12.Rd1 Bb7 13.cxd5 exd5 14.Nf1 Ne6 15.Ng3 Ndc5
16.Nf5 Re8 17.Nxe7+ Qxe7 18.Be3 f6 19.Re1 fxe5 20.Bxc5 bxc5 21.Qxe5 Qf8 22.Ba4 Re7
23.Ng5 Ra6 24.Bb5 Rb6 25.a4 h6 26.Nxe6 Rbxe6 27.Qxe6+ Rxe6 28.Rxe6 Qf5 29.Re7 Bc8
30.Rae1 c4 31.R7e5 Qc2 32.R5e2 Qb3 33.Re8+ Kh7 34.Rxc8 Qxb2 35.h4 Qd2 36.Rce8 Qd4
37.h5 Qc3 38.R8e3 Qd2 39.Be8  1-0

[Event "Sydney International Open"]
[Site "Parramatta AUS"]
[Date "2012.04.12"]
[Round "3.7"]
[White "Xie,G"]
[Black "Praveen Kumar,C1"]
[Result "0-1"]
[WhiteElo "2456"]
[BlackElo "2343"]

1.e4 e6 2.d4 d5 3.Nd2 Be7 4.Ngf3 Nf6 5.e5 Nfd7 6.c3 c5 7.Bd3 b6 8.O-O Ba6
9.Ne1 Bxd3 10.Nxd3 Nc6 11.Qg4 g6 12.Nf3 h6 13.h4 Qc7 14.Bd2 c4 15.Nf4 O-O-O
16.b3 g5 17.hxg5 Bxg5 18.bxc4 dxc4 19.Rad1 Rhg8 20.Nxg5 Rxg5 21.Qh3 Rdg8
22.g3 Rf5 23.Qxh6 Ne7 24.Qh1 Kb8 25.Qe4 Nf8 26.Kg2 Nfg6 27.Nxg6 Rxg6 28.Rh1 Nd5
29.Rh8+ Kb7 30.g4 Rf4 31.Bxf4 Rxg4+ 32.Kh2 Rxf4 33.Qg2 Ka6 34.Rh3 f5 35.Rd2 Rg4
36.Qf1 Kb7 37.f3 Rg6 38.Qc1 Nf4 39.Rh4 Qe7 40.Rh8 Qg5 41.Rh7+ Kc6 42.Kh1 Ne2  0-1

[Event "Sydney International Open"]
[Site "Parramatta AUS"]
[Date "2012.04.12"]
[Round "4.1"]
[White "Vajda,Le"]
[Black "Praveen Kumar,C1"]
[Result "1-0"]
[WhiteElo "2597"]
[BlackElo "2343"]

1.e4 e6 2.d4 d5 3.Nd2 Be7 4.Ngf3 Nf6 5.e5 Nfd7 6.c4 c5 7.cxd5 exd5 8.Bd3 Nc6
9.O-O cxd4 10.Re1 Nc5 11.Nb3 Ne6 12.a3 Bd7 13.Bd2 Qb6 14.h3 a5 15.Rb1 h6
16.Bf5 a4 17.Nc1 g6 18.Bc2 Nc5 19.Nd3 Nxd3 20.Bxd3 Nd8 21.e6 Bxe6 22.b3 Nc6
23.Bxg6 O-O-O 24.Bd3 Rhg8 25.Kh1 Qc7 26.b4 Qd7 27.Bf1 b5 28.Rc1 Kb8 29.Qe2 Na7
30.Nxd4 Rc8 31.Rxc8+ Rxc8 32.Nxe6 fxe6 33.Qxe6  1-0

[Event "Schachbundesliga 2011-12"]
[Site "Muelheim GER"]
[Date "2012.04.14"]
[Round "14"]
[White "Jones,G"]
[Black "Zaragatski,I"]
[Result "1/2-1/2"]
[WhiteElo "2624"]
[BlackElo "2474"]

1.e4 e6 2.d4 d5 3.Nd2 Nc6 4.Ngf3 Nf6 5.e5 Nd7 6.c3 f6 7.Bb5 fxe5 8.dxe5 Be7
9.Nd4 Ndxe5 10.f4 a6 11.Qh5+ Kd7 12.Bxc6+ Nxc6 13.N2f3 Bf6 14.O-O Qe8 15.Qh3 Nxd4
16.cxd4 Kd8 17.Ne5 Bd7 18.Bd2 b6 19.Rac1 Kc8 20.Qg3 Kb7 21.Bb4 Rc8 22.Rf2 Bb5
23.Kh1 a5 24.Ba3 Qh5 25.Qb3 Bxe5 26.fxe5 Bc4 27.Qg3 Qg6 28.Qxg6 hxg6 29.b3 Bd3
30.Rf7 Rh4 31.h3 Bf5 32.Bd6 Rxd4 33.Bxc7 Ka6 34.Kg1 Rb4 35.Re7 a4 36.g4 Be4
37.Rxe6 axb3 38.axb3 Rxb3 39.Ra1+ Kb7 40.Bd6 Rg3+ 41.Kf1 Rf3+ 42.Ke1 Re3+
43.Kd2 Rd3+ 44.Ke1 Re3+ 45.Kd2 Rd3+ 46.Ke1 Re3+  1/2-1/2

[Event "Karposh Open 2012"]
[Site "Skopje MKD"]
[Date "2012.04.14"]
[Round "9.68"]
[White "Stojkovska,M"]
[Black "Irakleidis,Christos"]
[Result "1-0"]
[WhiteElo "1936"]
[BlackElo "1523"]

1.e4 e6 2.d4 d5 3.Nd2 Nc6 4.Ngf3 Nf6 5.e5 Nd7 6.c3 f6 7.Bb5 a6 8.Bxc6 bxc6
9.O-O c5 10.Re1 cxd4 11.Nxd4 Nxe5 12.N2b3 c5 13.Nxe6 Bxe6 14.f4 Qc7 15.fxe5 fxe5
16.Bf4 Bd6 17.Bxe5 O-O 18.Bxg7 Bxh2+ 19.Kh1 Rfe8 20.Qh5 Bg3 21.Be5 Bxe5 22.Rxe5 Re7
23.Rae1 Rae8 24.Rg5+ Kh8 25.Qh6 Rg7 26.Rxg7 Qxg7 27.Rxe6 Rxe6 28.Qxe6 c4
29.Qe8+ Qg8 30.Qxg8+ Kxg8 31.Nd4  1-0

[Event "FSIM April 2012"]
[Site "Budapest HUN"]
[Date "2012.04.15"]
[Round "9"]
[White "Padhya,S"]
[Black "Galyas,M"]
[Result "1/2-1/2"]
[WhiteElo "2187"]
[BlackElo "2445"]

1.e4 e6 2.d4 d5 3.Nd2 Be7 4.c3 c5 5.dxc5 Bxc5 6.Bd3 Nf6 7.Qe2 Nc6 8.Ngf3 O-O
9.O-O Bb6 10.b4 Ng4 11.Bb2 Nge5 12.Nxe5 Nxe5 13.c4 Nxd3 14.Qxd3 dxc4 15.Qc3 f6
16.Nxc4 e5 17.Rfd1 Qc7 18.Nd6 Qxc3 19.Bxc3 Rd8 20.Rd2 Be6 21.a4 Rd7 22.a5 Bd4
23.Bxd4  1/2-1/2

[Event "19th TCh-RUS 2012"]
[Site "Sochi RUS"]
[Date "2012.04.15"]
[Round "7"]
[White "Gorbatov,A"]
[Black "Ibragimov,I"]
[Result "1/2-1/2"]
[WhiteElo "2363"]
[BlackElo "2539"]

1.e4 e6 2.d4 d5 3.Nd2 a6 4.Ngf3 c5 5.exd5 exd5 6.dxc5 Bxc5 7.Nb3 Bb6 8.Bg5 f6
9.Bf4 Nc6 10.c3 Nge7 11.Bd3 Bg4 12.h3 Bh5 13.g4 Bg6 14.Bg3 O-O 15.Qc2 Ne5
16.Nxe5 fxe5 17.Bxg6 Nxg6 18.O-O-O a5 19.a4 Qd7 20.Na1 Rad8 21.Rd2 Qc6 22.Re1 e4
23.Kb1 Nf4 24.Bxf4 Rxf4 25.Red1 Kh8 26.Qb3 Bxf2 27.Rxd5 Re8 28.Rd6 Qc8 29.Qc2 e3
30.Qe2 Bh4 31.Nc2 Rf2 32.Qb5 Rxc2 33.Kxc2 e2 34.Qxa5 exd1=Q+ 35.Rxd1 Qc4
36.Rd4 Qe6 37.Qb5 b6 38.Rd6 Qe4+ 39.Kb3 Bf2 40.Qd5 h6 41.Qf7 Bc5 42.Rd7 Qe6+
43.Qxe6 Rxe6 44.Kc4 Bg1 45.b4 Kh7 46.Kb5 Re1 47.c4 Ra1 48.h4 Kg6 49.h5+ Kf6
50.Rd6+ Kf7 51.Rd7+ Kf6 52.Rd6+ Ke7 53.Rg6 Kf7 54.g5 Be3 55.gxh6 gxh6 56.Rg3 Bd4
57.Rg6  1/2-1/2

[Event "TCh-HUN 2011-12"]
[Site "Budapest HUN"]
[Date "2012.04.16"]
[Round "8"]
[White "Kiss,At"]
[Black "Koczka,Z"]
[Result "1/2-1/2"]
[WhiteElo "2358"]
[BlackElo "2243"]

1.e4 e6 2.d4 d5 3.Nd2 Nc6 4.Ngf3 Nf6 5.e5 Nd7 6.Be2 f5 7.exf6 Nxf6 8.O-O Bd6
9.b3 O-O 10.Bb2 Ne7 11.Bd3 Qe8 12.Re1 Ng6 13.g3 Ng4 14.Re2  1/2-1/2

[Event "IV ch-IberoAmerican GpA"]
[Site "Quito ECU"]
[Date "2012.04.17"]
[Round "5.2"]
[White "Felgaer,R"]
[Black "Prasca Sosa,R"]
[Result "0-1"]
[WhiteElo "2564"]
[BlackElo "2420"]

1.e4 e6 2.d4 d5 3.Nd2 Be7 4.Ngf3 Nf6 5.e5 Nfd7 6.Bd3 c5 7.c3 Nc6 8.O-O g5
9.dxc5 g4 10.Nd4 Ndxe5 11.Bb5 Bd7 12.N2b3 h5 13.Qe2 a6 14.f4 gxf3 15.Nxf3 axb5
16.Nxe5 Nxe5 17.Qxe5 f6 18.Qg3 Bc6 19.Nd4 Kd7 20.b4 Qg8 21.Qd3 e5 22.Nxb5 Qg4
23.h3 Qg7 24.Qf5+ Kd8 25.Nd6 Rg8 26.Rf2 d4 27.Bg5 fxg5 28.Nf7+ Kc7 29.Qe6 Rae8
30.Nxe5 Rgf8 31.Nxc6 Bxc5 32.Qc4 Rxf2 33.Qxc5 b6 34.Qc4 Qf7 35.Qxf7+ Rxf7
36.Nxd4 g4 37.hxg4 hxg4 38.Rd1 g3 39.Rf1 Rxf1+ 40.Kxf1 Rf8+ 41.Ke2 Rf2+ 42.Ke3 Rxg2
43.Ne2 b5 44.a3 Kc6 45.Nd4+ Kd5 46.Kf3 Rd2 47.Kxg3 Kc4 48.Kf4 Rd3 49.Ne2 Rd8
50.Ke3 Ra8 51.Kd2 Rxa3 52.Nd4 Ra2+ 53.Kc1 Rg2 54.Kd1 Rg3 55.Ne2 Re3 56.Kd2 Rxe2+
57.Kxe2 Kxc3 58.Kd1 Kxb4 59.Kc2 Ka3  0-1

[Event "4th Alexander the Great Open"]
[Site "Neos Marmaras GRE"]
[Date "2012.04.18"]
[Round "4"]
[White "Miskulin,D"]
[Black "Haznedaroglu,K"]
[Result "0-1"]
[WhiteElo "2188"]
[BlackElo "2419"]

1.e4 e6 2.d4 d5 3.Nd2 a6 4.Ngf3 Nf6 5.e5 Nfd7 6.c4 dxc4 7.Nxc4 b5 8.Ne3 Nb6
9.Be2 Bb7 10.O-O Be7 11.Qc2 N8d7 12.Bd2 c5 13.dxc5 Bxc5 14.b3 Rc8 15.Qb2 O-O
16.Nc2 Bxf3 17.gxf3 Nxe5 18.Rad1 Qf6 19.Kh1 Nd5 20.Rg1 Nf4 21.Bxf4 Qxf4 22.Ne1 g6
23.Ng2 Qf5  0-1

[Event "Belgrade Cup Final 2012"]
[Site "Belgrade SRB"]
[Date "2012.04.19"]
[Round "2.5"]
[White "Janjic,Ju"]
[Black "Stevanovic,Vl"]
[Result "0-1"]
[WhiteElo "2079"]
[BlackElo "2274"]

1.e4 e6 2.d4 d5 3.Nd2 a6 4.Bd3 c5 5.dxc5 Bxc5 6.Ngf3 Nc6 7.exd5 Qxd5 8.Ne4 Be7
9.O-O Nf6 10.Qe2 O-O 11.Bg5 Qd8 12.Rad1 Nd7 13.c3 h6 14.Bxe7 Qxe7 15.Bc2 Nf6
16.Rd2 e5 17.Rfd1 Re8 18.Rd6 Nxe4 19.Bxe4 Nb8 20.Qc4 b5 21.Qd5 Ra7 22.Nxe5 Bb7
23.Qd4 Bxe4 24.Qxe4 Qxe5 25.Qxe5 Rxe5 26.Rd8+ Kh7 27.Rxb8 Re2 28.c4 Rxb2
29.Rc1 Rc7 30.h3 Rxa2 31.c5 Ra5 32.Rb6  0-1

[Event "IV ch-IberoAmerican Final GpD"]
[Site "Quito ECU"]
[Date "2012.04.19"]
[Round "1.3"]
[White "Guerra Tulcan,L"]
[Black "Latorre,Mat"]
[Result "0-1"]
[WhiteElo "2421"]
[BlackElo "2252"]

1.e4 e6 2.d4 d5 3.Nd2 Nc6 4.Ngf3 Nf6 5.e5 Nd7 6.Bb5 Be7 7.O-O O-O 8.Re1 a5
9.Nf1 Na7 10.Bd3 c5 11.c4 dxc4 12.Bb1 b5 13.d5 exd5 14.Qxd5 Rb8 15.Rd1 Qc7
16.Bf4 Qc6 17.Qxc6 Nxc6 18.e6 fxe6 19.Bxb8 Ndxb8 20.a4 b4 21.Ne3 Ba6 22.Be4 Bf6
23.Bxc6 Nxc6 24.Rd6 Rc8 25.Rad1 Bxb2 26.Ng5 Bd4 27.Nxe6 c3 28.Nc2 b3 29.Na3 c2
30.Re1 Bb2 31.Nxc2 bxc2 32.Nxc5 Ba3  0-1

[Event "IV ch-IberoAmerican Final GpD"]
[Site "Quito ECU"]
[Date "2012.04.19"]
[Round "2.1"]
[White "Almedina Ortiz,E"]
[Black "Latorre,Mat"]
[Result "0-1"]
[WhiteElo "2247"]
[BlackElo "2252"]

1.e4 e6 2.d4 d5 3.Nd2 Nc6 4.Ngf3 Nf6 5.e5 Nd7 6.Bb5 a6 7.Ba4 b5 8.Bb3 f6
9.exf6 Qxf6 10.c3 Bd6 11.O-O O-O 12.a4 Bb7 13.Qe2 Na5 14.axb5 axb5 15.Qxb5 c6
16.Qe2 Ba6 17.Qd1 Bxf1 18.Nxf1 e5 19.dxe5 Nxe5 20.Bxd5+ cxd5 21.Qxd5+ Kh8
22.Rxa5 Nxf3+ 23.gxf3 Qg6+ 24.Ng3 Rxa5 25.Qxa5 Qb1 26.Ne2 Qd3 27.Nd4 Qd1+
28.Kg2 Qxc1 29.Ne6 Rg8 30.Qd5 Qh6 31.h4 Qg6+ 32.Kh3 Bb8 33.f4 Re8 34.f5 Qf7
35.Kg2 Qf6 36.Qd7 Rg8 37.Ng5 h6 38.f4 hxg5 39.hxg5 Qd6 40.Qf7 Qd2+ 41.Kh3 Qe3+
42.Kg2 Qe2+ 43.Kg3 Re8  0-1

[Event "14th Dubai Open 2012"]
[Site "Dubai UAE"]
[Date "2012.04.21"]
[Round "7.20"]
[White "Ankit,R"]
[Black "Timoshenko,G"]
[Result "1/2-1/2"]
[WhiteElo "2399"]
[BlackElo "2569"]

1.e4 e6 2.d4 d5 3.Nd2 Nc6 4.c3 e5 5.dxe5 dxe4 6.Qe2 Nxe5 7.Qxe4 Qe7 8.Nc4 Nxc4
9.Qxe7+ Bxe7 10.Bxc4 Bd6 11.Ne2 Nf6 12.Bf4 Be6 13.Bxe6 fxe6 14.O-O-O O-O-O
15.Rhe1 Rhe8 16.Bxd6 cxd6 17.Nd4 Kd7 18.f4 g6 19.g3 a6 20.Re2 Re7 21.Nf3 Kc7
22.c4 Rde8 23.Red2 Rd7 24.Re2 Rde7 25.Red2 Rd7 26.Re2 Rde7  1/2-1/2

[Event "TCh-AUT 1st Bundesliga 2012"]
[Site "Jenbach AUT"]
[Date "2012.04.22"]
[Round "11"]
[White "Sebenik,M"]
[Black "Graf,F"]
[Result "1-0"]
[WhiteElo "2529"]
[BlackElo "2367"]

1.e4 e6 2.d4 d5 3.Nd2 Nc6 4.Ngf3 Nf6 5.e5 Nd7 6.Be2 f6 7.exf6 Qxf6 8.Nf1 Bd6
9.Ne3 O-O 10.O-O Qg6 11.c4 Nf6 12.c5 Bf4 13.Re1 Kh8 14.Nf1 e5 15.dxe5 Bxe5
16.Nxe5 Nxe5 17.Bf4 Qf5 18.Bg3 Ne4 19.Ne3 Qe6 20.Qxd5 Nxg3 21.hxg3 c6 22.Qd6 Qxd6
23.cxd6 Be6 24.f4 Nf7 25.Bc4 Bxc4 26.Nxc4 b5 27.Ne5 Nxd6 28.Rac1 Rac8 29.Rxc6 Rxc6
30.Nxc6 g5 31.Re6 Nf5 32.fxg5 Nxg3 33.Nxa7 Rf5 34.Re3 Rxg5 35.Kf2 Nh1+ 36.Kf3 Rg3+
37.Kf4 Rxg2 38.Rb3 Nf2 39.Kf3 Rg7 40.Nxb5 Rf7+ 41.Ke2 Ne4 42.Rf3 Rb7 43.a4 Nc5
44.b3 h5 45.Rc3 Ne4 46.Rc4 Re7 47.Kd3 Nf2+ 48.Kc3 Ne4+ 49.Kb2 Re5 50.Nc3 Nd6
51.Rd4 Nf5 52.Re4 Rxe4 53.Nxe4 Kg7 54.a5 Ne7 55.b4 Kf8 56.b5 Ke8 57.Nf6+ Kd8
58.Nxh5 Kc7 59.Kb3 Kd6 60.Kc4 Nd5 61.Ng3 Ne3+ 62.Kb3 Kc5 63.Ka4 Nc4 64.Ne4+ Kd5
65.Kb4  1-0

[Event "4th Alexander the Great Open"]
[Site "Neos Marmaras GRE"]
[Date "2012.04.22"]
[Round "9"]
[White "Ali Marandi,C"]
[Black "Djukic,Sa"]
[Result "1-0"]
[WhiteElo "2315"]
[BlackElo "2203"]

1.e4 e6 2.d4 d5 3.Nd2 Be7 4.Bd3 c5 5.dxc5 Nf6 6.Qe2 Nc6 7.Ngf3 Nb4 8.Nb3 Nxd3+
9.cxd3 a5 10.Bg5 h6 11.Bxf6 Bxf6 12.e5 Be7 13.a4 b6 14.c6 Bb4+ 15.Nfd2 Ba6
16.O-O O-O 17.Nd4 Rc8 18.Rac1 Qe7 19.N2b3 f6 20.Nb5 fxe5 21.Qxe5 Bxb5 22.axb5 Bd6
23.Qe2 Rce8 24.g3 Bc7 25.Qg4 Qf6 26.Rc2 Re7 27.Re2 e5 28.Nd2 Bd6 29.Nb1 Bc5
30.Nc3 Qd6 31.Qa4 Kh8 32.Qb3 Rd8 33.Rfe1 Bd4 34.Nd1 Rf7 35.Ne3 h5 36.Nc2 Qf6
37.Nxd4 exd4 38.f4 Kh7 39.Re6 Qf5 40.R6e5 Qg4 41.Qd1 Qxd1 42.Rxd1 g6 43.Ra1 Kg7
44.Ra4 Rf6 45.Rxd4 Rfd6 46.Ra4 Kf6 47.Ra1 Ra8 48.Rae1 a4 49.Re8 Ra7 50.Rf8+ Kg7
51.Rb8  1-0

[Event "TCh-NED Meesterklasse 2011-12"]
[Site "Netherlands NED"]
[Date "2012.04.22"]
[Round "9.7"]
[White "Houtman,J"]
[Black "Braun,Christi2"]
[Result "0-1"]
[WhiteElo "2212"]
[BlackElo "2392"]

1.e4 e6 2.d4 d5 3.Nd2 Be7 4.Ngf3 Nf6 5.Bd3 c5 6.exd5 Qxd5 7.Bc4 Qd6 8.dxc5 Qxc5
9.Qe2 Nbd7 10.Nb3 Qc7 11.Bg5 a6 12.O-O b5 13.Bd3 Bb7 14.Rac1 Ng4 15.g3 Bxg5
16.Nxg5 Nge5 17.Be4 h6 18.Nf3 Nxf3+ 19.Bxf3 Bxf3 20.Qxf3 O-O 21.c3 Nb6 22.Nd4 Rac8
23.Rcd1 Nc4 24.Qe2 Qe5 25.Qxe5 Nxe5 26.Rfe1 Nc4 27.Re2 Rfd8 28.f4 Rd5 29.Rc1 Nxb2
30.Rxb2 Rxd4 31.cxd4 Rxc1+ 32.Kf2 Rc4 33.Ke3 Kf8 34.Rd2 Rc3+ 35.Ke4 f5+ 36.Ke5 Ke7
37.d5 Rc5 38.a3 a5 39.h3 h5  0-1

[Event "10th Nabokov Mem GM"]
[Site "Kiev UKR"]
[Date "2012.04.23"]
[Round "6.5"]
[White "Kislinsky,A"]
[Black "Tovmasian,V"]
[Result "0-1"]
[WhiteElo "2532"]
[BlackElo "2420"]

1.e4 e6 2.d4 d5 3.Nd2 Be7 4.Ngf3 Nf6 5.e5 Nfd7 6.c3 c5 7.Bd3 Nc6 8.O-O a5
9.Re1 cxd4 10.cxd4 Qb6 11.Nb1 Nxd4 12.Nxd4 Qxd4 13.Nc3 Qb6 14.Qg4 O-O 15.Bh6 g6
16.Rac1 Nc5 17.Bb5 Rd8 18.Be3 Qa7 19.Bg5 Bxg5 20.Qxg5 Bd7 21.Re3 d4 22.Rh3 dxc3
23.Qh6 Bxb5 24.Qxh7+ Kf8 25.Qh8+ Ke7 26.Qf6+ Kd7 27.Rhxc3 b6 28.Qxf7+ Kc8
29.Qxg6 Qd7 30.h4 Kb7 31.Rf3 Rg8 32.Qh5 Be2 33.Rxc5 Qd1+ 34.Kh2 Rxg2+  0-1

[Event "Historical Melaka Op"]
[Site "Melaka MAS"]
[Date "2012.04.26"]
[Round "5"]
[White "Deepan,C"]
[Black "Djuraev,S"]
[Result "1-0"]
[WhiteElo "2461"]
[BlackElo "2377"]

1.e4 e6 2.d4 d5 3.Nd2 Nc6 4.Ngf3 Nf6 5.e5 Nd7 6.Bb5 a5 7.O-O Na7 8.Bd3 c5
9.c3 Nc6 10.Re1 cxd4 11.cxd4 Qb6 12.Qa4 Qb4 13.Qc2 Be7 14.a3 Qb6 15.Bxh7 Nxd4
16.Nxd4 Qxd4 17.Nf3 Qc5 18.Qb1 Qa7 19.Be3 Bc5 20.Bd3 Bxe3 21.Rxe3 Nf8 22.Bb5+ Bd7
23.Bxd7+ Nxd7 24.Qc2 Rd8 25.Rc1 Nb8 26.Ng5 Nc6 27.Nxe6 fxe6 28.Qg6+ Kd7 29.Rxc6 Kxc6
30.Rc3+ Kb6 31.Qxe6+ Kb5 32.a4+ Kb4 33.Qg6 Rh4 34.Qd3 Kxa4 35.Ra3+  1-0

[Event "Historical Melaka Op"]
[Site "Melaka MAS"]
[Date "2012.04.26"]
[Round "5"]
[White "Yeoh,L"]
[Black "Praveen Kumar,C1"]
[Result "1/2-1/2"]
[WhiteElo "2204"]
[BlackElo "2343"]

1.e4 e6 2.d4 d5 3.Nd2 Be7 4.Ngf3 Nf6 5.Bd3 c5 6.exd5 exd5 7.dxc5 O-O 8.Nb3 a5
9.a4 Na6 10.Be3 Bg4 11.h3 Bh5 12.O-O Qc7 13.Be2 Rfe8 14.c3 h6 15.Re1 Bf8
16.Nfd4 Bxe2 17.Rxe2 Ne4 18.Nb5 Qd8 19.Qd3 Re5 20.Nd6 Nxd6 21.cxd6 Bxd6 22.Bd4 Rxe2
23.Qxe2 Nc7 24.Bb6  1/2-1/2

[Event "3rd Royal Residence Cup"]
[Site "Zhovkva UKR"]
[Date "2012.04.26"]
[Round "4"]
[White "Terletsky,O"]
[Black "Leshchyshak,I"]
[Result "1-0"]
[WhiteElo "2185"]
[BlackElo "2137"]

1.e4 e6 2.d4 d5 3.Nd2 Nc6 4.Ngf3 Nf6 5.e5 Nd7 6.Be2 f6 7.exf6 Qxf6 8.Nf1 Bd6
9.Ne3 O-O 10.O-O Ne7 11.Ng4 Qg6 12.h3 c5 13.Bd3 Nf5 14.c4 cxd4 15.cxd5 Nc5
16.Bc4 exd5 17.Bxd5+ Be6 18.Bxe6+ Qxe6 19.Nxd4 Nxd4 20.Qxd4 Rad8 21.Qc3 Nd3
22.Bg5 Rd7 23.Rad1 h5 24.Rxd3 hxg4 25.hxg4 Qg6 26.Qc4+ Rdf7 27.Qd5 Bc7 28.Re1 Bb6
29.Rf3 Kh7 30.Rxf7 Rxf7 31.Be3 Bc7 32.Qh5+ Qxh5 33.gxh5 Rf5 34.Rd1 Be5 35.g4 Rf7
36.b3 a6 37.Rd5 Bc7 38.g5 g6 39.h6  1-0